| 000 | 00502nam a2200169 4500 | ||
|---|---|---|---|
| 001 | 113986 | ||
| 003 | ES-MaACL | ||
| 005 | 20230906190041.0 | ||
| 007 | t| | ||
| 008 | 061121s1972 sp r ||||1| spa d | ||
| 100 | 1 |
_aPahlen, Henry. _988314 |
|
| 245 | 1 | 0 |
_aJuego de llaves para tres parejas / _cHenry Pahlen ; [traducido del alemán por Manuel Pais]. |
| 260 |
_aBarcelona : _bVeron, _c1972. |
||
| 300 |
_a276 p. ; _c18 cm. |
||
| 700 | 1 |
_aPais, Manuel. _988338 |
|
| 852 |
_aES-MaACL _jC-52116 _bR.84145 |
||
| 999 |
_c113986 _d113986 |
||